| 000 | 01019nam a22002658a 4500 | ||
|---|---|---|---|
| 005 | 20081210151540.0 | ||
| 008 | 080828s2009 nyu 001 0 eng | ||
| 010 | _aENG-92207 | ||
| 020 |
_a9780070139671 _c525.00 |
||
| 020 |
_a0070139679 _c525.00 |
||
| 035 | _aEN-75740 | ||
| 037 | _bDBAD / PUB | ||
| 040 |
_adpl _bEnglish |
||
| 082 | _a658.404076 | ||
| 100 | _aPhillips, Joseph. | ||
| 245 |
_aPgMP program management professional exam guide / _cby Joseph Phillips. |
||
| 260 |
_aNew Delhi _bTata McGraw-Hill Publishing _c2009. |
||
| 300 |
_axv, 431p.: _bill. _c24cm (pbk) |
||
| 490 | _aAll in one | ||
| 500 | _aIncludes glossary and index. | ||
| 650 |
_aProject management _xExaminations _vStudy guides. |
||
| 650 |
_aProject management _xCertification _vStudy guides. |
||
| 942 |
_2ddc _cEN _h658.404076 _mPHI |
||
| 999 |
_c19874 _d19874 |
||